| 000 | 00637nam a22002057a 4500 | ||
|---|---|---|---|
| 005 | 20230214055112.0 | ||
| 008 | 230214b |||||||| |||| 00| 0 eng d | ||
| 020 | _a978-971-23-6645-1 | ||
| 082 | _aFil. 339 P139 2013 | ||
| 100 |
_aPagoso, Cristobal _eauthor |
||
| 245 |
_aIntroductory macroeconomics / _cCristobal Pagoso, Rosemary Dinio, George Villasis |
||
| 250 | _arev. ed. | ||
| 260 |
_aManila: _bRex Book Store, _cc2013. |
||
| 300 |
_axi, 277p.; _bill. |
||
| 504 | _aIncludes index and references | ||
| 541 | _e6517 | ||
| 650 | _aMacroeconomics | ||
| 700 |
_aDinio, Rosemary _eauthor |
||
| 700 |
_aVillasis, George _eauthor |
||
| 999 |
_c1089 _d1089 |
||